000 00663cam a2200253 4500
001 ABS62054
008 000000n2000 000 0 eng u
035 _a(Sirsi) u105098
245 _aRegional survey: Staffordshire and Shropshire
260 _c2000
490 _aProperty Week
_v65(12) 24 March 2000, 65-76(7)
590 _aABS
650 _aSTAFFORDSHIRE
650 _aSHROPSHIRE
650 _aSTOKE-ON-TRENT
650 _aSHREWSBURY
650 _aTELFORD
650 _aTRANSPORT ISSUES
650 _aCANNOCK
650 _aSTAFFORD
650 _aPOTTERIES
690 _aPROPERTY-COMMERCIAL PROPERTY-COMMERCIAL PROPERTY MARKET
942 _n0
999 _c63037
_d63037